00242nam a2200085 a 450000500170000000800410001705000200005810000220007824500560010020140408090013.0021115s19uu xx 00 eng d aPGS '99bBON #9 aBonifacio, Adrian aPriority training needs of grade 6 teachers of SIS.